00534nam a22001697a 450000500170000001000150001702000260003203500130005803700130007108200060008410000230009024501200011326000350023327000580026830000200032670000180034620130924111714.0 aENG-108086 c350.00a9789381945728 aEN-91619 bDBAD/PUB aN aGanga Prasad Vimal aThe detached :cby Ganga Prasad Vimal; translated by K.P. Saradhiba powerful novella of human situation and mind / aDelhibYash Publicationsc2013 a1/10753, Subhash Park, Naveen ShahdarabDelhie110032 a112p.c22cm(Hb) aSaradhi, K.P.